00857nam a22002777a 4500001000400000003000900004005001700013007000400030008002800034020001500062040002200077092001500099100001800114240002900132245008600161260004600247300002100293490002200314700003500336830002200371942001200393945002700405952010800432956002400540999001500564097DO-SdBNP20180118144358.0097151005b19uu sp 00| 0 spa d a8423313204 aBPMSUbspacBPMSU aXXXXbXXXX1 aQueen, Ellery14aThe glass village /leng13aLa ciudad contra Kowalszyk /cEllery Queen ; traducción Miguel Giménez Sales. aBarcelona :bEdiciones Destino, c[19--]. a202 p. ;c18 cm.1 aEl observadorv7212aGiménez Sales, Migueletrad. 0aEl observadorn72 2ddccBK aInventariado, 2018 /LP 00102ddc40708CGaBPMETbBPMETd2015-11-05eDonaciónl0pBPMET15110076r2015-11-05w2015-11-05yBK aYngrid Lockwardb10 c8564d8564